[Event "Mumbai Chess Capital op"]
[Site "Mumbai"]
[Date "2019.06.30"]
[Round "7"]
[White "Mahajan, Ravinder"]
[Black "Akshit, Jha"]
[Result "0-1"]
[WhiteElo "1263"]
[BlackElo "1646"]
[PlyCount "59"]
[EventDate "2019.06.29"]
[EventType "swiss"]
[EventRounds "7"]
[EventCountry "IND"]
[SourceTitle "CBM 191 Extra"]
[Source "ChessBase"]
[SourceDate "2019.09.30"]
[SourceVersion "1"]
[SourceVersionDate "2019.09.30"]
[SourceQuality "1"]

1. e4 e6 2. d4 d5 3. exd5 exd5 4. Nf3 Bd6 5. Nc3 c6 6. h3 Nf6 7. Bg5 0-0 8. Bd3 Re8+ 9. Ne2 h6 10. Bh4 Nbd7 11. 0-0 Qc7 12. c4 dxc4 13. Bxc4 Nb6 14. Bb3 Nbd5 15. Re1 Bf5 16. Bxf6 Nxf6 17. Nh4 Bh7 18. Bc2 Ne4 19. Nc3 Nxf2 20. Bxh7+ Kxh7 21. Qc2+ Kg8 22. Rxe8+ Rxe8 23. Nf5 Bh2+ 24. Kf1 Nh1 25. Ne2 Ng3+ 26. Nfxg3 Bxg3 27. Qd2 Bd6 28. Rc1 Qe7 29. Rc3 Bb4 30. Qc1 0-1

[Event "Mumbai Chess Capital op"]
[Site "Mumbai"]
[Date "2019.06.29"]
[Round "3"]
[White "Nipun, Dangche"]
[Black "Mahajan, Ravinder"]
[Result "0-1"]
[WhiteElo "1070"]
[BlackElo "1263"]
[PlyCount "62"]
[EventDate "2019.06.29"]
[EventType "swiss"]
[EventRounds "7"]
[EventCountry "IND"]
[SourceTitle "CBM 191 Extra"]
[Source "ChessBase"]
[SourceDate "2019.09.30"]
[SourceVersion "1"]
[SourceVersionDate "2019.09.30"]
[SourceQuality "1"]

1. e4 e5 2. Nf3 Nc6 3. Bb5 a6 4. Ba4 b5 5. Bb3 Bc5 6. 0-0 Nf6 7. Re1 0-0 8. c3 d6 9. h3 Na5 10. Bc2 Bb6 11. d4 exd4 12. cxd4 Re8 13. Bg5 h6 14. Bh4 Bb7 15. Nbd2 Re6 16. d5 Re8 17. Nf1 c6 18. dxc6 Nxc6 19. Bg3 Ne5 20. N1h2 Rc8 21. Rc1 Bc7 22. Bh4 Ng6 23. Bg3 Nxe4 24. Qd4 Nxg3 25. fxg3 Rxe1+ 26. Rxe1 Bb6 27. Re8+ Qxe8 28. Qxb6 Rxc2 29. Qxb7 Qe3+ 30. Kh1 Rc1+ 31. Ng1 Qxg1# 0-1